Responses for show #1179 - Thursday, October 19, 1989

Contestants

Pam Browning, a writer originally from West Palm Beach, Florida

Craig Chambers, a manager from Holliston, Massachusetts

Charley Horan, a photographic representative from Manhattan Beach, California (whose 1-day cash winnings total $11,601)

Jeopardy! Round responses

THE 1950s
INDIANS
CITIES IN LITERATURE
DOGS
NOBEL PRIZES
TRIVIA
    $100 6
Lou Costello

Pam
    $100 15
corn

Charley
    $100 11
Charleston

Craig
    $100 19
bloodhound

Charley
    $100 20
the cash

Pam
    $100 1
carpenter

Craig
    $200 7
Eleanor Roosevelt

Craig
    $200 16
(Alex: Usually at the planting season.)

rain

Pam
    $200 12
(Charley: What was Salem?)

Boston

Charley
Triple Stumper
    $200 21
Pekingese

Pam
    $300 26
the Peace Prize

Craig
    $200 2
Dutch Boy

Craig
    $300 8
Our Miss Brooks

Craig
    $300 18
Iroquois League

Triple Stumper
    $300 13
Hannibal

Pam
    $300 22
German shepherds

Charley
    $300 27
Norway

Pam
    $300 3
log

Craig
    $400 9
"Venus"

Pam
    $400 25
adobe

Craig
    $400 14
Dublin

Charley
    $400 23
sleds

Pam
    $400 29
x-rays

Pam
    $400 4
an axe to grind

Triple Stumper
    $500 10
Canada

Craig
    $500 28
Navajo

Pam
    $500 17
Rugby

Triple Stumper
    $500 24
whippet

Charley
    $500 30
economics

Pam
    $500 5
Pine Bluff

Pam

Scores at the first commercial break (after clue 14):

Charley Craig Pam
$200 $1,700 $1,300

Scores at the end of the Jeopardy! Round:

Charley Craig Pam
$1,200 $2,400 $3,900

Double Jeopardy! Round responses

MISSISSIPPI
MUSIC
ORGANIZATIONS
MOVIE DIRECTORS
LIGHT
"DARK"
    $200 23
Republican

Pam
    $200 18
half note

Charley
    $200 11
the American Legion

Charley
    $200 12
Alfred Hitchcock

Charley
    $200 2
laser

Craig
    $200 1
"Dancing in the Dark"

Craig
    $400 24
mockingbird

Pam
    $400 19
piano

Pam
    $400 14
(Charley: What is make-up?)
(Pam: What are masks?)

red noses

CharleyPam
Triple Stumper
    $400 13
Stanley Kubrick

Craig
    $400 3
prism

Charley
    $400 4
dark horse

Craig
    $600 25
Hernando de Soto

Pam
    $1,000 20
(Pam: What is "Falstaff?")

The Merry Wives of Windsor

Pam
    $600 15
the League of Nations

Craig
    $600 28
Leonard Nimoy

Charley
    $600 6
holograms

Charley
    $600 5
Alvin Dark

Craig
    $800 26
the Natchez Trace

Triple Stumper
    $800 21
reggae

Pam
    $800 16
Homemakers

Craig
    $1,000 29
Ordinary People

Charley
    $800 7
optics

Charley
    $800 9
curse the darkness

Charley
    $1000 27
(Alex: We have less than a minute to go in this round.)

Biloxi

Triple Stumper
    $1000 22
Gilbert & Sullivan

Charley
    $1000 17
National Urban League

Triple Stumper
    $1000 30
Blake Edwards

Charley
    $1000 8
(Pam: What are watts?)
(Alex: Watts indicate the power consumed.)

lumens

CharleyPam
    $1000 10
Dark Shadows

Craig

Scores at the end of the Double Jeopardy! Round:

Charley Craig Pam
$8,600 $6,600 $3,900

[wagering suggestions for these scores]

Final Jeopardy! Round responses

MONARCHS
PamWhat is Charles
$3,889
CraigWhat is James?
$6,600
CharleyWhat is Henry?
$4,600
William

Final scores:

Charley Craig Pam
$4,000 $0 $11
2-day champion: $15,601 + either the Jeopardy! box game or the Jeopardy! computer game 3rd place: Jules Jurgensen his & her watches + either the Jeopardy! box game or the Jeopardy! computer game 2nd place: Clothing from the Greif Companies + A Tisket A Tasket gift baskets for a year + either the Jeopardy! box game or the Jeopardy! computer game

Game dynamics:

Coryat scores:

Charley Craig Pam
$8,400 $6,500 $4,900
17 R
(including 1 DD),
2 W
17 R
(including 1 DD),
0 W
17 R,
3 W
(including 1 DD)

Combined Coryat: $19,800

The J! Archive is created by fans, for fans. The Jeopardy! game show and all elements thereof, including but not limited to copyright and trademark thereto, are the property of Jeopardy Productions, Inc. and are protected under law. This website is not affiliated with, sponsored by, or operated by Jeopardy Productions, Inc. Join the discussion at JBoard.tv.